A mennyiségtani dolgozatok
Elmentve itt :
| Szerző: | |
|---|---|
| Dokumentumtípus: | Cikk |
| Megjelent: |
1937
|
| Sorozat: | Nevelésügyi szemle
1 No. 1-10 |
| Kulcsszavak: | Pedagógia - módszer |
| Online Access: | http://acta.bibl.u-szeged.hu/52872 |
| LEADER | 00558nab a2200169 i 4500 | ||
|---|---|---|---|
| 001 | acta52872 | ||
| 005 | 20260224081030.0 | ||
| 008 | 180417s1937 hu o 000 hun d | ||
| 040 | |a SZTE Egyetemi Kiadványok Repozitórium |b hun | ||
| 041 | |a hun | ||
| 100 | 1 | |a Dombi Béla | |
| 245 | 1 | 2 | |a A mennyiségtani dolgozatok |h [elektronikus dokumentum] / |c Dombi Béla |
| 260 | |c 1937 | ||
| 300 | |a 456-459 | ||
| 490 | 0 | |a Nevelésügyi szemle |v 1 No. 1-10 | |
| 695 | |a Pedagógia - módszer | ||
| 856 | 4 | 0 | |u http://acta.bibl.u-szeged.hu/52872/1/nev_szem_001_456-459.pdf |z Dokumentum-elérés |